|
|
|
|
| LEADER |
00000cam a2200000 7i4500 |
| 001 |
0000091917 |
| 005 |
20230712160208.0 |
| 008 |
230712 may |
| 020 |
|
|
|a 9789672083511 (
|q (paperback))
|
| 040 |
|
|
|e rda
|
| 041 |
|
|
|a Malay
|
| 090 |
0 |
0 |
|a JP
|b MAL
|
| 110 |
0 |
|
|a Perbadanan Perpustakaan Awam Johor
|e (author)
|
| 245 |
0 |
0 |
|a Saya suka membaca
|c Perbadanan Perpustakaan Awam Johor
|
| 264 |
|
1 |
|a Johor Bahru :
|b Perbadanan Perpustakaan Awam Johor
|c 2020
|
| 300 |
|
|
|a 15 pages :
|b color illustration ;
|c 24 cm.
|
| 336 |
|
|
|a text
|2 rdacontent
|
| 337 |
|
|
|a unmediated
|2 rdamedia
|
| 338 |
|
|
|a volume
|2 rdacarrier
|
| 500 |
|
|
|a Children age 4-6 years old (yellow)
|
| 541 |
|
|
|c Purchased on 2020
|f PPAJ
|
| 650 |
|
0 |
|a Children stories, Malay
|
| 650 |
|
0 |
|a Malaysian fiction (Malay)
|
| 730 |
0 |
|
|a Judul
|
| 999 |
|
|
|a 0001729656
|b Book
|c Children Collection
|e Cawangan Urban Transformation Centre
|
| 999 |
|
|
|a 0001729657
|b Book
|c Children Collection
|e Cawangan AEON Kulaijaya
|
| 999 |
|
|
|a 0001729658
|b Book
|c Children Collection
|e Perbadanan Perpustakaan Awam Johor
|
| 999 |
|
|
|a 0001729659
|b Book
|c Children Collection
|e Cawangan Taman Universiti
|
| 999 |
|
|
|a 0001729660
|b Book
|c Children Collection
|e Cawangan Tmn. Ungku Tun Aminah
|
| 999 |
|
|
|a 0001729661
|b Book
|c Children Collection
|e Cawangan Taman Sri Lambak
|
| 999 |
|
|
|a 0001729662
|b Book
|c Children Collection
|e Cawangan Bandar Penawar
|
| 999 |
|
|
|a 0001729663
|b Book
|c Children Collection
|e Cawangan Mersing
|
| 999 |
|
|
|a 0001729664
|b Book
|c Children Collection
|e Cawangan Pontian
|
| 999 |
|
|
|a 0001729665
|b Book
|c Children Collection
|e Cawangan Kota Tinggi
|
| 999 |
|
|
|a 0001729666
|b Book
|c Children Collection
|e Cawangan Segamat
|
| 999 |
|
|
|a 0001729667
|b Book
|c Children Collection
|e Cawangan Bandar Tenggara
|
| 999 |
|
|
|a 0001729668
|b Book
|c Children Collection
|e Cawangan Batu Pahat
|
| 999 |
|
|
|a 0001729669
|b Book
|c Children Collection
|e Cawangan Bukit Gambir
|
| 999 |
|
|
|a 0001729670
|b Book
|c Children Collection
|e Cawangan Tangkak
|
| 999 |
|
|
|a 0001729671
|b Book
|c Children Collection
|e Cawangan Sri Merlong
|
| 999 |
|
|
|a 0001729672
|b Book
|c Children Collection
|e Cawangan Muar
|